000 00420pam a2200157 a 4500
020 _a038712103X (U.S. : set)
040 _cDLC
082 0 0 _a581 SPR 1983 A031 Or.
_a581.1/3
245 0 0 _aInorganic plant nutrition /
260 _aBerlin ;
_aNew York :
_bSpringer-Verlag,
_c<1983 >
300 _av. <2 > :
_bill. ;
_c25 cm.
650 0 _aPlants
700 1 _aLäuchli, A.
700 1 _aBieleski, R. L.
942 _cEK
999 _c12031
_d12031